Central Library OPAC University of Rajshahi

The novels of Jane Austen / (Record no. 20285)

MARC details
000 -LEADER
fixed length control field 00986nam a2200277 a 4500
001 - CONTROL NUMBER
control field 20285
003 - CONTROL NUMBER IDENTIFIER
rucl marc code BD-RjUL
005 - DATE AND TIME OF LATEST TRANSACTION
control field 20240125105343.0
008 - FIXED-LENGTH DATA ELEMENTS--GENERAL INFORMATION
fixed length control field 140227r19541933enkaf 000 1 eng d
035 ## - SYSTEM CONTROL NUMBER
System control number (OCoLC)13599146
-- (BD-RjUL)20285
040 ## - CATALOGING SOURCE
Original cataloging agency BD-RjUL
Language of cataloging eng
Transcribing agency BD-RjUL
041 ## - LANGUAGE CODE
Language code of text/sound track or separate title eng
082 ## - DEWEY DECIMAL CLASSIFICATION NUMBER
Classification number 823.7
Author mark and year AUN 1954
100 1# - MAIN ENTRY--PERSONAL NAME
Personal name Austen, Jane,
Dates associated with a name 1775-1817.
9 (RLIN) 62518
245 14 - TITLE STATEMENT
Title The novels of Jane Austen /
Statement of responsibility, etc. the text based on collation of the early editions by R.W. Chapman ; with notes indexes and illustrations from contemporary sources.
246 33 - VARYING FORM OF TITLE
Title proper/short title Works of Jane Austen
Title proper/short title Oxford illustrated Jane Austen
250 ## - EDITION STATEMENT
Edition statement 3rd ed.
260 ## - PUBLICATION, DISTRIBUTION, ETC. (IMPRINT)
Place of publication, distribution, etc. Oxford :
Name of publisher, distributor, etc. Oxford University Press,
Date of publication, distribution, etc. 1933 [impression 1952-1953]
300 ## - PHYSICAL DESCRIPTION
Pagination 5 v. :
Illustrations ill. ;
Size 20 cm.
505 ## - FORMATTED CONTENTS NOTE
Formatted contents note Vol.1-- v.3--.v.5.--
650 ## - SUBJECT ADDED ENTRY--TOPICAL TERM
Topical term or geographic name as entry element Young women
Form subdivision Fiction.
Geographic subdivision England
9 (RLIN) 62519
700 1# - ADDED ENTRY--PERSONAL NAME
Personal name Chapman, R. W.
Fuller form of name (Robert William),
Dates associated with a name 1881-1960.
942 ## - ADDED ENTRY ELEMENTS (KOHA)
Source of classification or shelving scheme Dewey Decimal Classification
Koha item type Books
Holdings
Lost status Source of classification or shelving scheme Damaged status Not for loan Collection code Permanent Location Current Location Shelving location Date acquired Source of acquisition Cost, normal purchase price Total Checkouts Full call number Date last seen Copy number Koha item type
  Dewey Decimal Classification   Not For Loan Fiction Central Library, University of Rajshahi Central Library, University of Rajshahi Reading Room 08/08/1955 O. U. P. 5.40   823.7 AUN 1954 V-5 27/02/2014 C-1 Books
  Dewey Decimal Classification   Not For Loan Fiction Central Library, University of Rajshahi Central Library, University of Rajshahi Reading Room 09/08/1955 OUP     823.7 AUN V-3 1953 27/12/2023 C-1 Books
  Dewey Decimal Classification   Not For Loan Fiction Central Library, University of Rajshahi Central Library, University of Rajshahi Reading Room 08/08/1955 O.U.P. 5.40   823.7 AUN 1953 25/01/2024 C-1 Books